Nombra una respuesta válida - La Liga - Estadísticas

Estadísticas generales
  • Esta prueba ha sido intentada 2.318 veces
  • La puntuación promedio es 10 de 20
Estadísticas de respuestas
Categoría # Respuestas posibles % Correcto
Patrocinador que ha aparecido en el nombre comercial de la Liga 3 BBVA | Banco Santander | EA Sports
89%
Equipo que siempre ha estado en Primera División 3 Athletic Club | FC Barcelona | Real Madrid
85%
Equipo que ha ganado por una diferencia de goles de 10 o 11 2 Athletic Club | Sevilla FC
67%
Jugador en marcar un gol a los 16 años 5 Lamine Yamal | Fabrice Olinga | Iker Muniain | Ansu Fati | Xisco Nadal
66%
Jugador del Siglo XX con 200 goles (o más) 7 Telmo Zarra | Hugo Sánchez | Raúl González | Alfredo Di Stéfano | César Rodríguez | Enrique Castro | Manuel Fernández
61%
Jugador con 150 (o más) tarjetas amarillas 4 Sergio Ramos | Raúl García | Alberto Lopo | David Albelda
60%
Provincia que nunca ha tenido un equipo en la Primera División 12 Ávila | Cáceres | Ciudad Real | Cuenca | Guadalajara | Lugo | Orense | Palencia | Segovia | Teruel | Toledo | Zamora
57%
Jugador con 300 (o más) partidos jugados para Atlético de Madrid en la Primera División 9 Koke Resurrección | Adelardo Rodríguez | Tomás Reñones | Jan Oblak | Enrique Collar | Ángel Correa | Juan Carlos Arteche | Antoine Griezmann | Isacio Calleja
57%
Ganador del Pichichi de un país no hispanohablante ni lusófono 9 Hans Krankl | Samuel Eto'o | Karim Benzema | Ferenc Puskás | Christian Vieri | Roy Makaay | Ruud van Nistelrooy | Robert Lewandowski | Artem Dovbyk
53%
Equipo cuyo debut es del Siglo XXI 7 Getafe CF | UD Almería | Xerez CD | SD Eibar | CD Leganés | Girona FC | SD Huesca
52%
Equipo que ha perdido por una diferencia de goles de 10 o 11 4 FC Barcelona | Real Oviedo | Celta de Vigo | UD Lérida
51%
Equipo con solamente un título 3 RC Deportivo | Sevilla FC | Real Betis
47%
Temporada no disputada 3 1936-1937 | 1937-1938 | 1938-1939
46%
Jugador con 600 partidos jugados (o más) 3 Andoni Zubizarreta | Joaquín Sánchez | Raúl García
43%
Club que ya no existe 8 CD Málaga | CA Tetuán | CD Condal | UD Salamanca | AD Almería | CD Logroñés | CP Mérida | CF Extremadura
35%
Portero goleador 8 Carlos Fenoy | Nacho González | Toni Prats | Juan José Santamaría | José Luis Chilavert | Dani Aranzubia | Marko Dmitrović | Yassine Bounou
33%
Temporada en que participaron 22 equipos 2 1995-96 | 1996-97
32%
Chino en jugar en la Primera División 2 Wu Lei | Zhang Chengdong
31%
Club de alguna ciudad que ya no es española 1 CA Tetuán
30%
Goleador con 7 clubes diferentes 4 Miquel Soler | Carlos Aranda | Roberto Soldado | Munir El Haddadi
16%
No se encontraron pruebas coincidentes
Distribución de puntuación
Porcentaje de gente con cada puntuación
Porcentaje por número respondido
Historial de tus puntuaciones
No has intentado esta prueba.